Miasta kończące się na M według podpowiedzi - Statystyki

Ogólne statystyki
  • Ten quiz został rozwiązany 1 463 razy
  • Średni wynik to 9 z 18
Statystyki odpowiedzi
Wskazówka Odpowiedź % Poprawnych
Konstytucyjna stolica Holandii Amsterdam
98%
Miasto, które całkowicie otacza Watykan Rzym
90%
Miejsce narodzin Jezusa Chrystusa Betlejem
88%
Najbardziej zaludnione miasto nordyckie Sztokholm
88%
Polskie miasto, w którym znajduje się międzynarodowy, cywilny port lotniczy otwarty w 2023 r. Radom
78%
Jedno z największych miast Wielkiej Brytanii, znajduje się tam gang Peaky Blinders Birmingham
72%
Miała tam miejsce ostatnia konferencja Wielkiej Trójki Poczdam
58%
Graniczy z Chorzowem, Świętochłowicami, Rudą Śląską, Zabrzem, Piekarami Śląskimi, Radzionkowem oraz Tarnowskimi Górami Bytom
56%
Znajduje się tam największy port w Europie Rotterdam
55%
Stolica leżąca w okolicach połączenia się Nilu Błękitnego z Białym Chartum
51%
Trzecie największe miasto w Norwegii. Przed 1217 r. było jej stolicą Trondheim
48%
Według legend, w tym mieście żył Robin Hood Nottingham
35%
Największe miasto w Tanzanii, lecz nie jest jej stolicą Dar es Salaam
29%
Miasto urodzin Alberta Einsteina, znajduje się tam także najwyższy kościół na świecie Ulm
25%
Miasto, w którym przebywał Carl Benz w trakcie opracowywania samochodu. Leży także u ujścia Neckaru do Renu Mannheim
18%
W latach 1940–1957 miasto nosiło nazwę Mołotow, położone jest w europejskiej części Rosji Perm
17%
Największe miasto portowe Arabii Saudyjskiej nad Zatoką Perską Ad-Dammam
10%
Trzyliterowe irańskie miasto, po Meszhedzie, najważniejsze miejsce szyitów Kom
9%
Nie znaleziono quizów pasujących do podanych kryteriów
Rozkład punktacji
Procent ludzi z każdym wynikiem
Percentyl według liczby udzielonych odpowiedzi
Twoja historia wyników
Nie rozwiązałeś tego quizu